Vista normal
Vista MARC
Entrada Topical Term
Número de registros utilizados en: 2
001 - CONTROL NUMBER
- control field: 13334
003 - CONTROL NUMBER IDENTIFIER
- control field: OSt
005 - DATE AND TIME OF LATEST TRANSACTION
- control field: 20210211135414.0
008 - FIXED-LENGTH DATA ELEMENTS
- fixed length control field: 210211|| aca||aabn | a|a d
040 ## - CATALOGING SOURCE
- Original cataloging agency: OSt
- Transcribing agency: OSt
150 ## - HEADING--TOPICAL TERM
- Topical term or geographic name entry element: Capitalización individual
670 ## - SOURCE DATA FOUND
- Source citation: Work cat.: (OSt): Seminario internacional "Desarrollando el potencial de los sistemas de pensiones de capitalización individual" (2010 : Chile) 13332, Developing the potential of the individually funded pension systems / , 2010